The Philosophy of Rabindranath Tagore (Record no. 20334)

MARC details
000 -LEADER
fixed length control field 00344nam a22001337a 4500
020 ## - INTERNATIONAL STANDARD BOOK NUMBER
ISBN 978-93-83-098-94-1
082 ## - DEWEY DECIMAL CLASSIFICATION NUMBER
Classification number 181.4 RAD
100 ## - MAIN ENTRY--AUTHOR NAME
Author name Radhakrishnan, Sarvepalli
245 ## - TITLE STATEMENT
Title The Philosophy of Rabindranath Tagore
260 ## - PUBLICATION, DISTRIBUTION, ETC. (IMPRINT)
Place of publication Dew Delhi
Name of publisher Niypgi Books
Year of publication 2015
300 ## - PHYSICAL DESCRIPTION
Number of Pages 174
650 ## - SUBJECT ADDED ENTRY--TOPICAL TERM
Topical Term Rabindranath Tagore-Philosophy
942 ## - ADDED ENTRY ELEMENTS (KOHA)
Koha item type Books
Holdings
Home library Current library Date acquired Source of acquisition Cost, normal purchase price Full call number Accession Number Koha item type
Henry Martyn Institute Library Henry Martyn Institute Library 03/08/2017 amazon 395.00 181.4 RAD 25191 Books
                   Copyright © 2026 | Henry Martyn Institute | Hyderabad | TS-500052 | INDIA | Implemented by hmi.edu.in
Hit-Count:

Powered by Koha